Quizzes
Events
Quiz Creation
Community
Videos
Private Events
Remove Ads
Sign In
Join for FREE
Feedback
Dark Mode
Quiz Categories
Sports
Geography
Music
Movies
Television
Just For Fun
Miscellaneous
History
Literature
Language
Science
Gaming
Entertainment
Religion
Holiday
For Kids
Quiz Lab
Recent
Popular Today
Quiz Kudos Today
Editor Picks
Curator Picks
Quizzes by...
Day
Popularity
Type
Ratings
Length
Year
Community
Subscriptions
Recent Discussions
Orange Saloon
Badges
Playlists
Quests
Create
Leaderboards
Showdown
Live 5
Trivia Bingo
Activity
Puzzle Library
Sporcle Events
Private Events
Virtual Trivia
Globe League
Become a Host
Pub Owners
SporcleCon
Opinionation
Our Games
Videos
Blog
Mobile Apps
Partnerships
Remove Ads and Go Orange
Feedback
Television
TV Characters
TV Show
Sitcom
Network
Friends
Reality Shows
Cast
South Park
Star Trek
The Simpsons
Doctor Who
Television
TV Characters
TV Show
Sitcom
Network
Friends
Reality Shows
Cast
South Park
Star Trek
The Simpsons
Doctor Who
Random Quiz
Search Sporcle
×
Quiz Lab
Quiz Lab
Television
Show
Type in answers that appear in a list
Type in answers that appear in a list
Classic
Best Score? Go Orange.
Airbender Characters Stats
Can you name the Avatar: The Last Airbender TV Show Characters?
By
rapidashgirl
20m
53 Questions
775 Plays
775 Plays
775 Plays
Comments
Comments
Give Quiz Kudos
Give Quiz Kudos
-
- Ratings
hide this ad
Random Order
Randomize order of answers
Randomize order of answers
Replay
Link that replays current quiz
Next Quiz
Link to next quiz in quiz playlist
You Got
0%
They Got
Avg Score
67%
Avg Friend Score
Upgrade to see
Score Distribution
Jump to the score distribution portion of the page
Score
0/53
Timer
20:00
0
Plays Today
Bending Type
Name
% Correct
Air
Aang
92.5%
Water
Katara
91.1%
Air
Appa
89.9%
Air
Momo
89.8%
Earth
Toph
84.5%
None
Sokka
84.5%
Fire
Zuko
82.9%
Fire
Azula
82%
Fire
Roku
81.9%
None
Suki
80%
Fire
Iroh
79.8%
None
Mai
78.7%
None
Jet
78.3%
Earth
Bumi
78.2%
Fire
Ozai
77.9%
None
Yue
76.7%
Water
Pakku
76%
None
Ty Lee
74.7%
Fire
Sozin
74%
Earth
Kyoshi
73.8%
None
Kanna
73.3%
Earth
The Boulder
73.1%
Air
Gyatso
72.7%
None
Hakoda
72.1%
Water
Hama
72%
Fire
Jeong Jeong
71.8%
Earth
Haru
70.4%
Bending Type
Name
% Correct
Fire
Azulon
68.3%
None
Smellerbee
67.2%
None
Longshot
67.1%
Water
Du
67.1%
None
The Duke
65.4%
None
Pipsqueak
64.6%
Air
Yangchen
64.1%
Earth
Hippo
63.8%
Earth
Long Feng
63.8%
Water
Kuruk
62.9%
None
Ursa
61.6%
None
Bato
61.2%
None
Aunt Wu
60.7%
None
Kya
60.1%
None
June
51%
None
The Mechanist
49.7%
Water
Huu
48.3%
None
Teo
45.9%
Earth
Xin Fu
44.8%
None
Meng
44.2%
None
Hahn
36.8%
None
Chief Arnook
33.3%
Earth
Tyro
33.3%
Water
Tho
31.1%
None
Sneers
29.8%
None
Chey
22%
Quiz Playlist
Details
Report
Send in Message
Add To Playlist
Classic:
Type in answers that appear in a list
Random Order:
Randomize order of answers
Quiz Source
Last Updated: Feb 16, 2017
Quiz Scoreboard
CHALLENGE
Sign Up to Join the Scoreboard
Show All
Scores
Hide
Comments
May contain spoilers
Recently Published
9x9 Crossword: Cartoon Network
by jackfrog10
Miscellaneous
3m
College Basketball Coaching Resumes
by pancakes188
Sports
9m
Billboard Blitz: Fleetwood Mac
by CooCooCachoo
Music
15s
More to Explore
Quiz From the Vault
Featured Blog Post
Where Did the Easter Bunny Come From?
hide this ad
You Might Also Like...
Tags
Show Quiz
Avatar
Avatar: The Last Airbender
Character
last
Today's Top Quizzes in Television
Browse Television
hide this ad
Today's Top Quizzes in Show
Browse Show
Top Contributed Quizzes in Television
1
5-to-1: The Simpsons Families
2
5-to-1: Television Doctors
3
7-to-1: TV Show Settings
4
Adjectives in 00s TV Shows
5
Adjectives in 80s TV Shows
6
5-to-1: Streaming Originals
7
Adjectives in 10s TV Shows
8
Survivor Seasons
9
One Piece Logic Puzzle
10
All US Survivor Seasons in Order
Explore More
Trending Topics
Harry Potter
NBA
Marvel
Disney
Anime
Kpop
Crossword
The Office
NFL
Song
Soccer
Puzzle
Country
Pokémon
WWE
hide this ad
More By:
rapidashgirl
Quiz
Plays
Rating
Category
Featured
Created
Airbender Characters
775
5.00
Television
Jul 3, 2010
Go to Creator's Profile
Score Distribution
Quiz Creator Spotlight
rapidashgirl
Follow
Send a Message
Quizzes Created
-
Created Quiz Play Count
-
More By This Creator
Popular Quizzes Today
1
Find the US States - No Outlines Minefield
2
Find the Countries of Europe - No Outlines Minefield
3
The Countries of the World
4
Find the US States
5
Risky Map Clicking: Biggest States A-Z
6
US States
7
Popular People in 1961
8
Movies - When Are They Set?
More Television Quizzes
The Office: That's What She Said
Curator's Pick
Trending Quizzes
Risky Map Clicking: Least Populous States A-Z
1-10 Letter G Words
1-10 Letter F Words
Risky Map Clicking: Next State Alphabetically
Adjectives in 80s TV Shows
Recently Updated
Leaping Animals
pecheneg
Reality TV Shows (A-Z)
bhenderson79
Rickey Henderson's Hall of Fame Teammates
pecheneg
Champions League XIs: Arsenal
pecheneg
Quick Pick: Celebrities in WWE's Hall of Fame
aduchscher
A-Z Keypad Blitz II
pecheneg
Multiple Oscar Actors
pecheneg
Mystery Phrase Blitz: Oscar 'Best Actors'
pecheneg
F. Scott Fitzgerald Novels
LTH
Pick 3 Villains
ddd62291
Trending Topics
Marvel
Anime
NBA
Crossword
Harry Potter
Kpop
Disney
Country
NFL
Pokémon
The Office
WWE
Puzzle
Song
Soccer
Your Account Isn't Verified!
In order to create a playlist on Sporcle, you need to verify the email address you used during registration. Go to your
Sporcle Settings
to finish the process.
Report this User
Report this user for behavior that violates our
Community Guidelines
.
Details:
Send Report
Go to the Sporcle.com Mobile Site →
Comments